Shop Floor Control Systems: From Design to Implementation (Record no. 323333)
[ view plain ]
| 000 -LEADER | |
|---|---|
| fixed length control field | 00380 a2200133 4500 |
| 001 - CONTROL NUMBER | |
| control field | 88260 |
| 082 ## - DEWEY DECIMAL CLASSIFICATION NUMBER | |
| Classification number | 670.42 BAU |
| 090 ## - LOCALLY ASSIGNED LC-TYPE CALL NUMBER (OCLC); LOCAL CALL NUMBER (RLIN) | |
| -- | 41674 |
| -- | 41674 |
| 100 ## - MAIN ENTRY--PERSONAL NAME | |
| Personal name | Alfred Bauer, Richard Bowden, Jim Browne; Duggan & Lyons |
| 245 ## - TITLE STATEMENT | |
| Title | Shop Floor Control Systems: From Design to Implementation |
| 250 ## - EDITION STATEMENT | |
| Edition statement | 1st |
| 260 ## - PUBLICATION, DISTRIBUTION, ETC. | |
| Place of publication, distribution, etc. | London |
| Name of publisher, distributor, etc. | Chapman & Hall |
| Date of publication, distribution, etc. | 1991 |
| 300 ## - PHYSICAL DESCRIPTION | |
| Extent | xx, 344 p. |
| Other physical details | Pb |
| 942 ## - ADDED ENTRY ELEMENTS (KOHA) | |
| Institution code [OBSOLETE] | CAE NUST |
| Call number prefix | 670.42 BAU |
| Withdrawn status | Lost status | Damaged status | Not for loan | Collection code | Permanent Location | Current Location | Date acquired | Total Checkouts | Full call number | Barcode | Date last seen | Price effective from | Koha item type |
|---|---|---|---|---|---|---|---|---|---|---|---|---|---|
| College of Aeronautical Engineering (CAE) | College of Aeronautical Engineering (CAE) | 04/03/2017 | 670.42 BAU | CAEG-9906 | 04/05/2017 | 04/05/2017 | Book |
